Veinte años de legislación mexicana, 1931-1950 : Legislación Federal : tomo II /
Tallennettuna:
| Päätekijä: | |
|---|---|
| Aineistotyyppi: | Kirja |
| Kieli: | espanja |
| Julkaistu: |
México :
Stylo,
1951, c1951
|
| Tagit: |
Ei tageja, Lisää ensimmäinen tagi!
|
MARC
| LEADER | 00000nam^a2200000^a^4500 | ||
|---|---|---|---|
| 001 | 000437904 | ||
| 005 | 20250526000000.0 | ||
| 009 | 20260310123232.204 | ||
| 037 | |a Acervo ITESO - Biblioteca | ||
| 041 | |a ESP | ||
| 091 | |a FHM. 08570 | ||
| 100 | |a Suinaga Luján, Pedro R. |e (autor) | ||
| 245 | 1 | 0 | |a Veinte años de legislación mexicana, 1931-1950 : |b Legislación Federal : tomo II / |
| 264 | 4 | |a México : |b Stylo, |c 1951, c1951 | |
| 300 | |a p. 536-1064 ; |c 24.5 cm. | ||
| 336 | |a texto |b txt |2 rdacontenido | ||
| 337 | |a sin mediación |b n |2 rdamedio | ||
| 338 | |a volumen |b nc |2 rdasoporte | ||
| 649 | |a XX | ||
| 910 | |a Fondo Hugo B. Margáin | ||
| 920 | |a Impresos - Libros | ||
| 930 | |a Libros Antiguos y Raros | ||
| 905 | |a 126 | ||
| 901 | |a 0500301170 |b IT2 |c LRA |i D117086 |u 20250526 | ||
| 902 | |a https://opac.biblio.iteso.mx/vufind/Record/000437904 | ||